000 00368pab a2200145 454500
008 180718b1990 xxu||||| |||| 00| 0 eng d
100 _aCameron, G.C.
245 _aFirst steps in urban policy evaluation in the United Kingdon
260 _c1990
300 _a475-95
362 _aAug.
650 _aCities And Towns - U.K.
773 _aUrban Studies
909 _a5598
999 _c5598
_d5598